| 000 | 01002cab a2200241 4500 | ||
|---|---|---|---|
| 001 | ABS52139 | ||
| 008 | 090401t1995 xxu||||| |||| 00| 0 eng d | ||
| 035 | _a(Sirsi) u63099 | ||
| 041 | _aeng | ||
| 100 | _aPorter, R. | ||
| 245 | _aHeadline rents - the current problems | ||
| 260 | _c1995 | ||
| 350 | _a0 | ||
| 490 |
_aEstates Gazette _v(9502) 14 January 1995, 130-131(2) |
||
| 520 | _aExamines the recent cases "Cooperative Wholesale Society Ltd v National Westminster Bank plc", "Broadgate Square plc v Lehmann Brothers Ltd", "Scottish Amicable Life Assurance Society v Middleton Potts and Co" and "Prudential Nominees Ltd v Greenham Trading Ltd" (Abs*****) which discussed the role of rent-free periods in rent reviews and offers advice to landlords seeking to achieve headline rents. | ||
| 650 | _aHEADLINE RENTS | ||
| 650 | _aRENT REVIEWS | ||
| 650 | _aRENT-FREE PERIODS | ||
| 690 | _aLANDLORD AND TENANT-RENT REVIEWS | ||
| 700 | _aLangdon, M. | ||
| 942 | _n0 | ||
| 948 | _c04/03/1997 | ||
| 999 |
_c39225 _d39225 |
||